Manual das Eleiė̳s 2018

Detalles Bibliográficos
Autor principal: Gonȧlves Ramos, Alexandre
Formato: eBook
Lenguaje:portugués
Publicado: San Pablo: JH Mizuno, 2018
Materias:
Acceso en línea:Acceso restringido

MARC

LEADER 00000nam a22000007a 4500
005 20190714152529.0
007 cr|||| ||||
008 190714s2018 br |||||s|||| 00||0 por d
020 |a 978-85-7789-359-1 
035 |a 23846 
040 |a vLex 
090 |c 9032  |d 9032 
100 1 |a Gonȧlves Ramos, Alexandre 
245 1 0 |a Manual das Eleiė̳s 2018  |h [Recurso electrn̤ico] /  |c Alexandre Gonȧlves Ramos 
256 |a Servicio en ln̕ea 
260 |a San Pablo:  |b JH Mizuno,  |c 2018 
300 |a 1 recurso electrn̤ico 
500 |a Esta obra foi escrita com a finalidade de ser um livro de cabeceira para todos aqueles que participarô do processo eleitoral de 2018 (candidatos, advogados, juz̕es, promotores, assessores, consultores polt̕icos, imprensa, etc.). Os temas sô desenvolvidos de forma ter̤ica e prt̀ica, possibilitando a compreensô nô s ̤pelos operadores do direito, mas tambm̌ pelos profissionais que sô obrigados a entender o regramento mn̕imo das eleiė̳s. O autor sistematizou os temas de acordo com a marcha do processo eleitoral, iniciando com breves apontamentos sobre os sistemas eleitorais, a fim de que os candidatos possam entender as regras para serem eleitos. Em seguida, disseca a estrutura da justiȧ eleitoral. Temas como condiė̳s de elegibilidade, inelegibilidades, convenė̳s partidr̀ias e registros de candidatos sô estruturados de forma sequencial e didt̀ica, para que a compreensô seja de fc̀il assimilaȯ̂ e execuȯ̂. A propaganda eleitoral ̌analisada em todas as suas formas, trazendo as grandes mudanȧs da l︢tima reforma eleitoral (Lei nð 13.488/2017). Na sequn̊cia sô abordadas as condutas vedadas aos agentes pb︢licos, organizaȯ̂ das eleiė̳s e aė̳s eleitorais. Todos os temas sô ilustrados com o entendimento jurisprudencial dos tribunais eleitorais. Ao final dos capt̕ulos, o autor insere modelos de representaė̳s extrad̕os da atuaȯ̂ como advogado na justiȧ eleitoral, tornando assim um livro de consulta obrigatr̤ia. 
506 1 |a Disponible solo en los productos indicados  |d vLex Global  |d vLex Global (Academic Edition, excluding Law Schools)  |d vLex Global (U.S. Academic Edition, Law Schools)  |d vLex Global (U.S. Academic Edition, excluding Law Schools)  |d vLex Global (Academic Edition, Law Schools) 
650 0 4 |a Derecho Constitucional  |z Brasil 
740 0 |a vLex Libros (Servicio en ln̕ea) 
856 4 0 |u http://vlex.com/source/manual-das-elei-es-2018-23846  |z Acceso restringido 
942 |c BOOK 
999 0 |a Constitutional right